header

Recent advances in spray combustion (Record no. 224149)

MARC details
000 -LEADER
fixed length control field 01457nam a2200349 a 4500
245 00 - TITLE STATEMENT
Title Recent advances in spray combustion
260 ## - PUBLICATION, DISTRIBUTION, ETC. (IMPRINT)
Place of publication Reston, Va. :
Name of publisher American Institute of Aeronautics and Astronautics, Inc.,
Year of publication 1996.
300 ## - PHYSICAL DESCRIPTION
Number of Pages 505 p. :
Other physical details ill.
490 1# - SERIES STATEMENT
Series statement Progress in astronautics and aeronautics ;
650 #0 - SUBJECT ADDED ENTRY--TOPICAL TERM
Topical Term Combustion.
Topical Term Combustion engineering.
Topical Term Spraying.
700 1# - ADDED ENTRY--PERSONAL NAME
Personal name Kuo, Kenneth K.
856 40 - ELECTRONIC LOCATION AND ACCESS
Uniform Resource Identifier http://site.ebrary.com/lib/rucke/Doc?id=10516495

No items available.

© 2026 Rongo University
Contact us: librarian | system librarian | Rongo university